| 000 | 00393nam a2200157Ia 4500 | ||
|---|---|---|---|
| 008 | 210716s2007 xx 000 0 und d | ||
| 020 | _a9781741141249 | ||
| 041 | _aeng | ||
| 082 | _a374.22 CRAG | ||
| 100 | _aCraig, Geoffrey. | ||
| 245 | _aMedia, politics and public life. | ||
| 250 | _a1 | ||
| 260 |
_aAustralia _bAllen and Unwin _c2007 |
||
| 300 | _ax,228 | ||
| 650 | _aGeneral Knowledge | ||
| 999 |
_c208216 _d208216 |
||